000
00277nam a22001217a 4500
008
181003b xxu||||| |||| 00| 0 eng d
041
_a
eng
080
_a
316
100
_a
50
101
_a
SOC
245
_a
Makers of Modern Social Science
_c
Nisbent.R.A
942
_2
udc
_c
BK
999
_c
48817
_d
48817